00493nam a2200157Ia 4500001000500000005001700005008004100022041000800063082001700071100003400088245016000122260000900282300002800291650000800319654000800327416420260306145735.0260306t2016||||xx |||||||||||||| ||spa|| aESP a307.336bP86 aVargas Pacheco, CristinaeAUT 0aPrimeros asentamientos urbanos en Iberoamérica (ss. XVI y XVII). Investigación y gestión. Actas del III seminario internacional RII-UC Piura (Perú) c2016 a284 páginas :c22 cm. aGEN aCAU